Europejska Geografia na literę R - 1 - Statystyki

Ogólne statystyki
  • Ten quiz został rozwiązany 117 razy
  • Średni wynik to 10 z 14
Statystyki odpowiedzi
Wskazówka Odpowiedź % Poprawnych
Największy kraj na świecie Rosja
100%
Najwyższy szczyt Polski Rysy
99%
Stolica Podkarpacia Rzeszów
96%
Stolicą tego państwa jest Bukareszt Rumunia
95%
Stolica Łotwy Ryga
95%
Największe miasto Islandii Reykjavik
90%
"Wieczne miasto" Rzym
86%
W tym mieście znajduje się zapasowe lotnisko dla warszawskiego Lotniska Chopina na Okęciu Radom
75%
Jedna z najdłuższych rzek Europu, wypływająca z Alp Szwajcarskich Ren
72%
Zagłębie przemysłowe w Niemczech Ruhry
68%
Zatoka Morza Bałtyckiego pomiędzy Łotwą a Estonią to Zatoka ... Ryska
52%
Największa wyspa w archipelagu Dodekanezu Rodos
44%
Największa niemiecka wyspa Rugia
32%
Pasmo górskie w południowej części Półwyspu Bałkańskiego w rejonie Bułgarii Rodopy
19%
Nie znaleziono quizów pasujących do podanych kryteriów
Rozkład punktacji
Procent ludzi z każdym wynikiem
Percentyl według liczby udzielonych odpowiedzi
Twoja historia wyników
Nie rozwiązałeś tego quizu